000 00473nam a2200193Ia 4500
005 20240823042457.0
008 240823s9999||||xx |||||||||||||| ||und||
020 _a0-07-100472-6
041 _aENGLISH
082 _A006.6 M7
100 _a"harrington,Steven"
245 0 _aComputer Graphics
250 _a2nd
260 _c1987
_b"McGraw Hill ,New"
500 _aTRANSFERED
650 _aComputer Graphics
_bInformation Technology
942 _cBK
999 _c207952
_d207952